| 000 | 00416nam a2200157Ia 4500 | ||
|---|---|---|---|
| 008 | 220216s9999 xx 000 0 und d | ||
| 245 | 0 | _aRecommendations for chemical treatment of diseases of Hevea | |
| 260 |
_bPlanters Bulletin _c1968 |
||
| 300 | _a96-99 | ||
| 650 | _aChemical control | ||
| 650 | _aDisease control | ||
| 650 | _aDiseases | ||
| 650 | _aHevea | ||
| 650 | _aPhytophthora leaf fall | ||
| 942 | _cJS | ||
| 999 |
_c66533 _d66533 |
||